000 01984cam a2200397 a 4500
999 _c2535
_d2535
001 16859383
003 OSt
005 20180117085943.0
008 110706s2012 flu b 001 0 eng
010 _a 2011027774
016 7 _a015804578
_2Uk
020 _a9781439854587 (hardcover : alk. paper)
020 _a1439854580 (hardcover : alk. paper)
035 _a(OCoLC)ocn741103673
040 _aDLC
_cDLC
_dYDX
_dYDXCP
_dBWX
_dIXA
_dUKMGB
_dCDX
_dDLC
042 _apcc
050 0 0 _aJF1351
_b.J73 2012
082 0 0 _a351
_223
100 1 _aJreisat, Jamil E.
245 1 0 _aGlobalism and comparative public administration /
_cJamil Jreisat.
260 _aBoca Raton :
_bCRC Press,
_cc2012.
300 _axv, 221 p. ;
_c24 cm.
490 0 _aPublic administration and public policy ;
_v161
500 _aRev. ed. of: Comparative public administration and policy. 2002.
504 _aIncludes bibliographical references and index.
505 0 _aGovernance and globalism -- Comparative public administration -- Bureaucracy -- Comparative research and methods -- Comparative public policy -- Administration of developing countries -- Administration of developed systems -- Global ethics and public service.
650 0 _aPublic administration.
650 0 _aComparative government.
650 0 _aPublic administration
_vCross-cultural studies.
700 1 _aJreisat, Jamil E.
_tComparative public administration and policy.
906 _a7
_bcbc
_corignew
_d1
_eecip
_f20
_gy-gencatlg
942 _2ddc
_cBK